000 00321nam a22001457a 4500
008 210311b ||||| |||| 00| 0 eng d
020 _a9780077319427
041 _aeng
080 _211th
_a37
082 _a37
100 _a46
101 _aEDU
245 _aInstructor Wraparound Editiion
_cOber, S
942 _2udc
_cBK
999 _c56453
_d56453